Riadenie vlastností prenosového kanála

Saved in:
Bibliographic Details
Main Author: Straka, Ivan (Author)
Other Authors: Bernát, Dušan, 1977- (xxx)
Format: Manuscript Book
Language:Slovak
Published: Bratislava : STU v Bratislave FIIT, 2005
Subjects:
Tags: Add Tag
No Tags, Be the first to tag this record!

MARC

LEADER 00000ntm a22000003a 4500
001 stu139602
005 20160720142922.6
008 070402s2005----xo------------------slo-d
040 |a STU  |b slo 
041 0 |a slo 
044 |a xo 
100 1 |a Straka, Ivan  |4 aut 
245 1 |a Riadenie vlastností prenosového kanála 
260 |a Bratislava :  |b STU v Bratislave FIIT,  |c 2005 
300 |a 80 s  |c príl. 
650 7 |a informatika  |2 stusub 
700 1 |a Bernát, Dušan,  |d 1977-  |4 xxx  |u I100  |U FIIT Fakulta informatiky a informačných technológií  |T FIIT Ústav počítačových systémov a sietí  |X 1887  |U I100  |Y 178  |7 1887 
996 |b IDP34/05  |c I*DP34/05  |l II680  |s A  |a 24  |w stu139602_0001